| 000 | 00498nam a22001937a 4500 | ||
|---|---|---|---|
| 008 | 170907b xxu||||| |||| 00| 0 eng d | ||
| 041 | _aNep. | ||
| 082 | _aN001.42/A618a | ||
| 100 | _aAdhikari, Rajkumar | ||
| 245 | _aAnusandhan paddati | ||
| 250 | _a2nd ed. | ||
| 260 |
_aKathmandu: _bJanuka Prakashan, _c2010 |
||
| 300 | _a256p. illus | ||
| 504 | _aBibliography at the end | ||
| 650 | _aResearch | ||
| 650 | _aResearch methodology | ||
| 650 |
_aResearch design _91324 |
||
| 942 |
_2ddc _cNCS |
||
| 999 |
_c81419 _d81408 |
||